№ 328: Физическая электроника: [сборник]; Труды Ленинградского политехнического института имени М. И. Калинина

Dettagli Bibliografici
Parent link:Труды Ленинградского политехнического института имени М. И. Калинина: [сборник]/ Ленинградский политехнический институт им. М. И. Калинина (ЛПИ). № 328: Физическая электроника.— , 1941-
Altri autori: Смирнов В. С. (редактор)
Lingua:russo
Pubblicazione: Ленинград, Изд-во ЛПИ, 1973
Soggetti:
Natura: MixedMaterials Libro
KOHA link:https://koha.lib.tpu.ru/cgi-bin/koha/opac-detail.pl?biblionumber=353508

MARC

LEADER 00000nam2a2200000 4500
001 353508
005 20231102010611.0
035 |a (RuTPU)RU\TPU\retro\10765 
035 |a RU\TPU\retro\10759 
090 |a 353508 
100 |a 20200512d1973 k y0rusy50 ca 
101 0 |a rus 
102 |a RU 
200 0 |a № 328: Физическая электроника  |e [сборник]  |f под ред. В. С. Смирнова 
210 |a Ленинград  |c Изд-во ЛПИ  |d 1973 
215 |a 160 стр. 
461 1 |0 (RuTPU)RU\TPU\retro\9721  |t Труды Ленинградского политехнического института имени М. И. Калинина  |o [сборник]  |f Ленинградский политехнический институт им. М. И. Калинина (ЛПИ)  |v № 328: Физическая электроника  |d 1941-  
606 1 |a Электроника  |x Физические основы  |2 stltpush  |3 (RuTPU)RU\TPU\subj\20314  |9 45423 
610 1 |a эмиттеры 
610 1 |a вторично-эмиссионные свойства 
610 1 |a монокристаллы 
610 1 |a первичные электроны 
610 1 |a тонкие пленки 
610 1 |a вторичные электроны 
610 1 |a заряженные частицы 
610 1 |a лазер аргоновый 
610 1 |a импульсный разряд 
610 1 |a гелийнеоновый лазер 
610 1 |a ионизаторы 
702 1 |a Смирнов  |b В. С.  |4 340 
801 1 |a RU  |b 63413507  |c 20160623 
801 2 |a RU  |b 63413507  |c 20200208  |g RCR 
801 2 |a RU  |b 63413507  |c 20200512  |g RCR 
942 |c BK